书目信息 |
| 题名: |
元人散曲选粹
|
|
| 作者: | 宁希元 著 | |
| 分册: | ||
| 出版信息: | 兰州 甘肃人民出版社 1985 |
|
| 页数: | 287页 | |
| 开本: | 19cm | |
| 丛书名: | ||
| 单 册: | ||
| 中图分类: | I222.9 | |
| 科图分类: | ||
| 主题词: | 散曲--中国--元代--选集 | |
| 电子资源: | ||
| ISBN: | ||
| 000 | 00638nam0 2200241 45 | |
| 001 | 0185014234 | |
| 005 | 20040415213203.5 | |
| 010 | @dCNY1.30 | |
| 091 | @a10096.340 | |
| 100 | @a19951027d1985 em y0chiy0121 ea | |
| 101 | 0 | @achi |
| 102 | @aCN@b620000 | |
| 105 | @ay z 000yy | |
| 106 | @ar | |
| 200 | 10 | @a元人散曲选粹@Ayuan ren san qu xuan cui@f宁希元等著 |
| 210 | @a兰州@c甘肃人民出版社@d1985 | |
| 215 | @a287页@d19cm | |
| 606 | @a散曲@y中国@z元代@x选集 | |
| 690 | @aI222.9@v3 | |
| 701 | 0 | @a宁希元@4著@Aning xi yuan |
| 801 | 0 | @aCN@b深圳图书馆@c20040415 |
| 801 | 2 | @aCN@bNLC@c20040415 |
| 905 | @f4@b135574-577@dI222.9@e215 | |
| 元人散曲选粹/宁希元等著.-兰州:甘肃人民出版社,1985 |
| 287页;19cm |
| ISBN :CNY1.30 |
| ● |
| 相关链接 |
|
|
|
|
正题名:元人散曲选粹
索取号:I222.9/215
 
预约/预借
| 序号 | 登录号 | 条形码 | 馆藏地/架位号 | 状态 | 备注 |
| 1 | 0135574 | 000975056 | 密集书库/ [索取号:I222.9/215] | 在馆 | |
| 2 | 0135575 | 000975092 | 密集书库/ [索取号:I222.9/215] | 在馆 | |
| 3 | 0135576 | 000975216 | 第二借阅区/ [索取号:I222.9/215] | 在馆 | |
| 4 | 0135577 | 000975172 | 密集书库/ [索取号:I222.9/215] | 在馆 | |
| 5 | 0135578 | 000975136 | 第一样本阅览室/ [索取号:I222.9/215] | 在馆 |